Innovative Packaging Materials: Balancing Logistics Performance, Environmental Footprint and Consumer Acceptance
Obaly na báze fosílnych palív chránia dodávateľské reťazce, no napriek tomu predstavujú približne 1 % ročných globálnych emisií skleníkových plynov a sú pod čoraz väčším drobnohľadom EÚ. Táto štúdia porovnáva tri pilotné bioalternatívy – kyselinu polymliečnu (PLA), kompozit na báze mycélia (MBC) a f...
Salvato in:
| Autore principale: | |
|---|---|
| Natura: | Capitolo di libro |
| Lingua: | inglese |
| Soggetti: | |
| Tags: |
Nessun Tag, puoi essere il primo ad aggiungerne!!
|
MARC
| LEADER | 00000naa$a2200000$$$4500 | ||
|---|---|---|---|
| 001 | 0312756 | ||
| 005 | 20251013105826.6 | ||
| 041 | 0 | |a eng | |
| 044 | |a PL | ||
| 245 | 1 | 0 | |a Innovative Packaging Materials: Balancing Logistics Performance, Environmental Footprint and Consumer Acceptance |c Slavomír Frešo |
| 520 | |a Obaly na báze fosílnych palív chránia dodávateľské reťazce, no napriek tomu predstavujú približne 1 % ročných globálnych emisií skleníkových plynov a sú pod čoraz väčším drobnohľadom EÚ. Táto štúdia porovnáva tri pilotné bioalternatívy – kyselinu polymliečnu (PLA), kompozit na báze mycélia (MBC) a film z jedlého škrobu (ESF) – s cieľom určiť možnosť alebo kombináciu, ktorá najlepšie vyvažuje klimatickú záťaž, logistickú výkonnosť a náklady. | ||
| 610 | 2 | 0 | |a obaly |
| 610 | 2 | 0 | |a inovácie technologické |
| 610 | 2 | 0 | |a logistika |
| 610 | 2 | 0 | |a environmentalistika |
| 610 | 2 | 0 | |a spotrebitelia |
| 100 | 1 | |a Frešo, Slavomír, 1978- | |